[Event "Oberliga Nord O 1920"]
[Site "Germany"]
[Date "2021.08.15"]
[Round "9.8"]
[White "Kuersten, Ruediger"]
[Black "Sprotte, Norbert"]
[Result "1-0"]
[WhiteElo "2192"]
[BlackElo "2170"]
[PlyCount "63"]
[EventDate "2019.09.29"]
[EventType "team-tourn"]
[EventRounds "9"]
[EventCountry "GER"]
[SourceTitle "EXT 2023"]
[Source "ChessBase"]
[SourceDate "2022.10.05"]
[SourceVersion "1"]
[SourceVersionDate "2022.10.05"]
[SourceQuality "1"]
[WhiteTeam "Greifswald"]
[BlackTeam "Kreuzberg"]
[WhiteTeamCountry "GER"]
[BlackTeamCountry "GER"]

1. d4 Nf6 2. c4 e6 3. Nf3 Bb4+ 4. Nbd2 0-0 5. e3 d5 6. a3 Be7 7. Be2 b6 8. 0-0 Bb7 9. b4 dxc4 10. Nxc4 Nbd7 11. Bd2 Ne4 12. Rb1 Nxd2 13. Nfxd2 Bd6 14. Re1 e5 15. Nxd6 cxd6 16. Bf3 Bxf3 17. Qxf3 Rc8 18. Rbc1 exd4 19. exd4 Rxc1 20. Rxc1 Qg5 21. Qe3 Qb5 22. Ne4 d5 23. Nd6 Qa4 24. Nf5 Nf6 25. Nxg7 Kxg7 26. Qg5+ Kh8 27. Qxf6+ Kg8 28. h4 Re8 29. Rc3 Re6 30. Rc8+ Re8 31. Rc7 Rf8 32. Rc3 1-0

[Event "GER CupT 1819 Round2 (4)"]
[Site "Weyhe Kirchweyhe"]
[Date "2019.03.17"]
[Round "2.3"]
[White "Kovacevic, Aleksandar"]
[Black "Kuersten, Ruediger"]
[Result "1-0"]
[WhiteElo "2498"]
[BlackElo "2179"]
[PlyCount "117"]
[EventDate "2019.03.16"]
[EventType "team-k.o."]
[EventRounds "2"]
[EventCountry "GER"]
[SourceTitle "EXT 2021"]
[Source "ChessBase"]
[SourceDate "2020.10.23"]
[SourceVersion "1"]
[SourceVersionDate "2020.10.23"]
[SourceQuality "1"]
[WhiteTeam "Kirchweyhe"]
[BlackTeam "Greifswald"]
[WhiteTeamCountry "GER"]
[BlackTeamCountry "GER"]

1. e4 c6 2. d4 d5 3. exd5 cxd5 4. c4 Nf6 5. Nc3 Nc6 6. Nf3 Bg4 7. cxd5 Nxd5 8. Qb3 Bxf3 9. gxf3 e6 10. Qxb7 Nxd4 11. Bb5+ Nxb5 12. Qc6+ Ke7 13. Qxb5 Qd7 14. Nxd5+ Qxd5 15. Qxd5 exd5 16. Be3 Ke6 17. 0-0-0 Bb4 18. Kb1 Rhd8 19. a3 Be7 20. Rhe1 Kf5 21. Rd4 g5 22. Red1 Ke6 23. Ra4 Rd7 24. Ra6+ Kf5 25. Ra5 Ke6 26. Bd4 f6 27. Ra6+ Kf5 28. Rc1 Kf4 29. Rc3 Bd6 30. Rcc6 Rad8 31. Bxf6 Be7 32. Bd4 Kxf3 33. Rh6 Bd6 34. Rxa7 Rxa7 35. Bxa7 Bf4 36. Kc2 Kg4 37. Rxh7 d4 38. Re7 Be5 39. f3+ Kf5 40. Kd3 Bf6 41. Re4 Rh8 42. Bxd4 Bxd4 43. Rxd4 Rxh2 44. Rb4 Rh1 45. a4 Ra1 46. Kc2 Ke5 47. Rg4 Kf5 48. Rc4 Ke5 49. Kb3 Re1 50. a5 Re3+ 51. Rc3 Re2 52. a6 Kf4 53. Ka4 Re6 54. Kb5 Re5+ 55. Kb6 Re6+ 56. Rc6 Re2 57. b4 Kxf3 58. a7 Ra2 59. Kb7 1-0

[Event "Mecklenburg VP-ch MT"]
[Site "Neubrandenburg"]
[Date "2018.04.30"]
[Round "6.1"]
[White "Reyer, Ulli"]
[Black "Kuersten, Ruediger"]
[Result "0-1"]
[WhiteElo "2165"]
[BlackElo "2173"]
[PlyCount "52"]
[EventDate "2018.04.28"]
[EventType "swiss"]
[EventRounds "7"]
[EventCountry "GER"]
[SourceTitle "EXT 2023"]
[Source "ChessBase"]
[SourceDate "2022.10.05"]
[SourceVersion "1"]
[SourceVersionDate "2022.10.05"]
[SourceQuality "1"]

1. e4 c6 2. d4 d5 3. Nc3 dxe4 4. Nxe4 Bf5 5. Ng3 Bg6 6. h4 h6 7. Nf3 Nd7 8. h5 Bh7 9. Bd3 Bxd3 10. Qxd3 e6 11. Bd2 Ngf6 12. 0-0-0 Be7 13. Qe2 0-0 14. Nf1 Qb6 15. g4 c5 16. g5 hxg5 17. Bxg5 Qa6 18. Qxa6 bxa6 19. h6 Nd5 20. hxg7 Rfc8 21. dxc5 Bxg5+ 22. Nxg5 Nxc5 23. Ne3 Nf4 24. Kb1 Kxg7 25. Rh7+ Kg6 26. Rxf7 Nh3 0-1

[Event "Mecklenburg VP-ch MT"]
[Site "Neubrandenburg"]
[Date "2018.04.29"]
[Round "4.2"]
[White "Fromm, Marius"]
[Black "Kuersten, Ruediger"]
[Result "1/2-1/2"]
[WhiteElo "2014"]
[BlackElo "2173"]
[PlyCount "53"]
[EventDate "2018.04.28"]
[EventType "swiss"]
[EventRounds "7"]
[EventCountry "GER"]
[SourceTitle "EXT 2023"]
[Source "ChessBase"]
[SourceDate "2022.10.05"]
[SourceVersion "1"]
[SourceVersionDate "2022.10.05"]
[SourceQuality "1"]

1. Nf3 d5 2. c4 c6 3. g3 Nf6 4. Bg2 Bf5 5. cxd5 cxd5 6. Qb3 Nc6 7. Qxb7 Bd7 8. Qb3 e5 9. d3 h6 10. 0-0 Bc5 11. Nc3 Rb8 12. Qd1 0-0 13. Nxe5 Nxe5 14. d4 Bd6 15. dxe5 Bxe5 16. Nxd5 Bc6 17. Nc3 Qc7 18. Bxc6 Qxc6 19. Qc2 Rfc8 20. Bd2 Nd5 21. Rfc1 Nxc3 22. Bxc3 Bxc3 23. bxc3 Qc4 24. Rab1 Rxb1 25. Rxb1 Qxc3 26. Qxc3 Rxc3 27. Rb8+ 1/2-1/2

[Event "Leipzig VfB op 25th"]
[Site "Leipzig"]
[Date "2018.03.24"]
[Round "8"]
[White "Kuersten, Ruediger"]
[Black "Langheinrich, Ferenc"]
[Result "1/2-1/2"]
[WhiteElo "2169"]
[BlackElo "2377"]
[PlyCount "102"]
[EventDate "2018.03.20"]
[EventType "swiss"]
[EventRounds "9"]
[EventCountry "GER"]
[SourceTitle "CBM 183 Extra"]
[Source "ChessBase"]
[SourceDate "2018.04.19"]
[SourceVersion "1"]
[SourceVersionDate "2018.04.19"]
[SourceQuality "1"]

1. d4 Nf6 2. c4 e6 3. Nf3 d5 4. g3 dxc4 5. Qc2 c5 6. dxc5 Bxc5 7. Bg2 Nbd7 8. 0-0 0-0 9. Nbd2 b5 10. a4 Ba6 11. axb5 Bxb5 12. Ng5 Rc8 13. Nde4 h6 14. Nxc5 Nxc5 15. Nf3 Qe7 16. Bd2 Nb3 17. Ra3 Nd5 18. Rd1 Rfd8 19. Ba5 Nxa5 20. Rxa5 Nb4 21. Qc1 Rxd1+ 22. Qxd1 Rd8 23. Qc1 a6 24. Ra1 Qf6 25. Nd2 Qd4 26. Nf3 Qe4 27. Qc3 Nc2 28. Ne1 Qxe2 29. Bf1 Qxf1+ 30. Kxf1 Nxa1 31. Kg2 Nb3 32. h4 Nd4 33. Qa5 Rd5 34. f3 h5 35. Kf2 Nc6 36. Qc3 Ne5 37. Ng2 f6 38. Nf4 Nd3+ 39. Kg2 Nxf4+ 40. gxf4 Rd3 41. Qe1 Kf7 42. Qe4 Rd2+ 43. Kg3 Rd5 44. Qe3 Rd7 45. Qe4 f5 46. Qa8 Rd2 47. Qb7+ Rd7 48. Qb6 Re7 49. Kf2 Rd7 50. Kg3 Rd2 51. Qc7+ Kg8 1/2-1/2

[Event "Leipzig VfB op 25th"]
[Site "Leipzig"]
[Date "2018.03.24"]
[Round "7"]
[White "Otikova, Elina"]
[Black "Kuersten, Ruediger"]
[Result "0-1"]
[WhiteElo "2081"]
[BlackElo "2169"]
[PlyCount "72"]
[EventDate "2018.03.20"]
[EventType "swiss"]
[EventRounds "9"]
[EventCountry "GER"]
[SourceTitle "CBM 183 Extra"]
[Source "ChessBase"]
[SourceDate "2018.04.19"]
[SourceVersion "1"]
[SourceVersionDate "2018.04.19"]
[SourceQuality "1"]

1. e4 c6 2. d4 d5 3. Nd2 dxe4 4. Nxe4 Bf5 5. Ng3 Bg6 6. h4 h6 7. f4 e6 8. Nf3 Nd7 9. h5 Bh7 10. Bd3 Bxd3 11. Qxd3 Ngf6 12. Bd2 Qc7 13. Ne5 c5 14. 0-0-0 cxd4 15. Qxd4 Bc5 16. Qa4 0-0 17. Nxd7 Nxd7 18. Ne4 b5 19. Qxb5 Rab8 20. Qc4 Rfc8 21. Nxc5 Nxc5 22. Bc3 Qe7 23. Qd4 f5 24. Qd6 Qf7 25. Rh3 Ne4 26. Qe5 Rb7 27. Rhd3 Rc5 28. Rd8+ Kh7 29. Qd4 Rxc3 30. bxc3 Qc7 31. g3 Qa5 32. Rd3 Qxa2 33. Kd1 Qb1+ 34. Ke2 Qxc2+ 35. Kf3 Qh2 36. Qxe4 Qh1+ 0-1

[Event "Leipzig VfB op 25th"]
[Site "Leipzig"]
[Date "2018.03.21"]
[Round "2"]
[White "Kuersten, Ruediger"]
[Black "Heinke, Jasper"]
[Result "0-1"]
[WhiteElo "2169"]
[BlackElo "1934"]
[PlyCount "84"]
[EventDate "2018.03.20"]
[EventType "swiss"]
[EventRounds "9"]
[EventCountry "GER"]
[SourceTitle "CBM 183 Extra"]
[Source "ChessBase"]
[SourceDate "2018.04.19"]
[SourceVersion "1"]
[SourceVersionDate "2018.04.19"]
[SourceQuality "1"]

1. d4 Nf6 2. Nf3 e6 3. c4 d5 4. g3 Be7 5. Bg2 0-0 6. 0-0 dxc4 7. Qc2 a6 8. Qxc4 b5 9. Qc2 Bb7 10. Bd2 Be4 11. Qc1 c6 12. Be3 Nbd7 13. Nbd2 Bd5 14. Bg5 Rc8 15. Qb1 c5 16. e4 Bb7 17. Rd1 h6 18. Be3 Ng4 19. Nf1 Nxe3 20. Nxe3 cxd4 21. Nxd4 Qc7 22. a4 b4 23. b3 Rfd8 24. Ra2 Ne5 25. Rad2 Qb6 26. Nf3 Nxf3+ 27. Bxf3 Rxd2 28. Rxd2 Bg5 29. a5 Qxa5 30. Ra2 Rc1+ 31. Qxc1 Qxa2 32. h4 Bxe3 33. Qxe3 Qc2 34. Kg2 a5 35. h5 a4 36. Qb6 Bxe4 37. bxa4 Bxf3+ 38. Kxf3 b3 39. a5 b2 40. a6 b1Q 41. Qd8+ Kh7 42. a7 Qe4# 0-1

[Event "GER CupT 1718 Round2 (3)"]
[Site "Lemgo"]
[Date "2018.03.03"]
[Round "1"]
[White "Rietze, Clemens"]
[Black "Kuersten, Ruediger"]
[Result "1-0"]
[WhiteElo "2311"]
[BlackElo "2165"]
[PlyCount "93"]
[EventDate "2018.03.03"]
[EventType "team-k.o."]
[EventRounds "2"]
[EventCountry "GER"]
[SourceTitle "CBM 183 Extra"]
[Source "ChessBase"]
[SourceDate "2018.04.19"]
[SourceVersion "1"]
[SourceVersionDate "2018.04.19"]
[SourceQuality "1"]
[WhiteTeam "Pankow Rotation"]
[BlackTeam "Greifswald"]
[WhiteTeamCountry "GER"]
[BlackTeamCountry "GER"]

1. d4 d5 2. c4 c6 3. Nc3 Nf6 4. Nf3 a6 5. h3 b5 6. c5 g6 7. Bf4 Bg7 8. e3 0-0 9. Be2 Re8 10. 0-0 Nfd7 11. Rc1 e5 12. dxe5 Nxe5 13. Nxe5 Bxe5 14. Bxe5 Rxe5 15. Qd4 Qe8 16. Bf3 a5 17. a3 Bf5 18. Rfd1 Ra7 19. b4 a4 20. g4 Be4 21. Bxe4 dxe4 22. Qd8 Nd7 23. Qxe8+ Rxe8 24. Rd6 Rc7 25. Rcd1 Re7 26. Nxe4 Ne5 27. Rd8+ Kg7 28. Nd6 Rcd7 29. Rxd7 Nxd7 30. Nc8 Re8 31. Rxd7 Rxc8 32. f4 h6 33. Kf2 Kf6 34. e4 g5 35. e5+ Kg7 36. f5 Kg8 37. Ke3 Kf8 38. Kd4 Ke8 39. Rd6 Rd8 40. Kc3 Ke7 41. Rxc6 Rd1 42. Rc7+ Ke8 43. c6 Ra1 44. Kd4 Rxa3 45. Rc8+ Ke7 46. f6+ Ke6 47. Re8# 1-0

[Event "Oberliga Nord O 1718"]
[Site "Germany"]
[Date "2018.02.25"]
[Round "7.6"]
[White "Mueller, Michael"]
[Black "Kuersten, Ruediger"]
[Result "1-0"]
[WhiteElo "2273"]
[BlackElo "2169"]
[PlyCount "117"]
[EventDate "2017.10.08"]
[EventType "team-tourn"]
[EventRounds "9"]
[EventCountry "GER"]
[SourceTitle "EXT 2019"]
[Source "ChessBase"]
[SourceDate "2018.10.10"]
[SourceVersion "1"]
[SourceVersionDate "2018.10.10"]
[SourceQuality "1"]
[WhiteTeam "Berlin Rotation"]
[BlackTeam "Greifswald"]
[WhiteTeamCountry "GER"]
[BlackTeamCountry "GER"]

1. d4 d5 2. c4 c6 3. Nf3 Nf6 4. e3 a6 5. b3 Bg4 6. Be2 Bxf3 7. Bxf3 e6 8. 0-0 Be7 9. Nd2 Nbd7 10. Bb2 0-0 11. e4 Nxe4 12. Nxe4 dxe4 13. Bxe4 Bf6 14. Qf3 g6 15. Rad1 Qc7 16. Ba3 Rfe8 17. d5 exd5 18. cxd5 c5 19. d6 Qa5 20. Bxb7 Rad8 21. Bc1 Qxa2 22. Bc6 Re6 23. Bf4 Qa5 24. Bd5 Ree8 25. Bc4 Kg7 26. Qd5 Rf8 27. Qb7 Bd4 28. Qxa6 Qc3 29. Qb7 Nf6 30. Rd3 Qc2 31. Qf3 Rfe8 32. Rd2 Qf5 33. Bg3 Qxf3 34. gxf3 Nh5 35. d7 Re7 36. Bb5 Nxg3 37. hxg3 Re6 38. Rfd1 Kf6 39. Kf1 h5 40. Rd3 Rb6 41. Ba4 Ke7 42. Re1+ Re6 43. Rdd1 Rxe1+ 44. Rxe1+ Kd6 45. Re8 Bf6 46. f4 Be7 47. Kg2 Bf6 48. f3 Be7 49. g4 hxg4 50. fxg4 g5 51. Kf3 Bf6 52. Ke4 gxf4 53. Kxf4 Kc7 54. Kf5 Bh4 55. g5 Bg3 56. Re7 Bh4 57. Rxf7 Rg8 58. g6 Kd8 59. g7 1-0

[Event "GER CupT 1718 prel3"]
[Site "Bad Schwartau"]
[Date "2018.01.14"]
[Round "2.4"]
[White "Kuersten, Ruediger"]
[Black "Nedic, Dusan"]
[Result "0-1"]
[WhiteElo "2155"]
[BlackElo "2343"]
[PlyCount "224"]
[EventDate "2018.01.13"]
[EventType "team-k.o."]
[EventRounds "2"]
[EventCountry "GER"]
[SourceTitle "EXT 2019"]
[Source "ChessBase"]
[SourceDate "2018.10.10"]
[SourceVersion "1"]
[SourceVersionDate "2018.10.10"]
[SourceQuality "1"]
[WhiteTeam "Greifswald"]
[BlackTeam "Tostedt"]
[WhiteTeamCountry "GER"]
[BlackTeamCountry "GER"]

1. d4 Nf6 2. Nf3 d5 3. g3 g6 4. Bg2 Bg7 5. c4 c6 6. Qb3 0-0 7. Nc3 dxc4 8. Qxc4 Be6 9. Qd3 Na6 10. 0-0 Nb4 11. Qb1 Qa5 12. e4 Rad8 13. h3 c5 14. a3 Na6 15. b4 cxb4 16. axb4 Qxb4 17. Qxb4 Nxb4 18. Rxa7 Bc4 19. Rxb7 Bxf1 20. Bxf1 Rb8 21. Rxe7 Rfc8 22. Bf4 Nc6 23. Rc7 Rxc7 24. Bxc7 Rb3 25. d5 Nb4 26. Be5 Nd7 27. Nd2 Rxc3 28. Bxc3 Bxc3 29. Nc4 Kf8 30. Kg2 Ke7 31. Be2 Ne5 32. Nxe5 Bxe5 33. Bb5 f6 34. h4 Na2 35. Bc6 Nc3 36. f3 h6 37. Bb7 Kd6 38. Bc8 g5 39. hxg5 hxg5 40. Ba6 Kc5 41. Kh3 Nd1 42. f4 gxf4 43. gxf4 Bxf4 44. Kg4 Be5 45. Kf5 Kd6 46. Be2 Ne3+ 47. Kg6 Ke7 48. Ba6 Ng2 49. Bf1 Nh4+ 50. Kh7 Nf3 51. Kg6 Ng5 52. Kf5 Nf7 53. Kg6 Nd6 54. Bd3 Kd7 55. Kh5 Kc7 56. Kg4 Kb6 57. Kf3 Kc5 58. Ke3 Nc4+ 59. Kf3 Nb2 60. Bb1 Kd4 61. Kg4 Nc4 62. Kf5 Nd6+ 63. Ke6 Nxe4 64. Ba2 Nd6 65. Bb1 Nb5 66. d6 Nxd6 67. Bc2 Ke3 68. Bb1 Kf4 69. Bg6 Ne4 70. Kd5 Ng5 71. Bb1 f5 72. Bxf5 Kxf5 73. Kc5 Ke6 74. Kc6 Ne4 75. Kb6 Kd5 76. Kb5 Bd6 77. Kb6 Nc3 78. Kb7 Kc5 79. Ka6 Kc6 80. Ka7 Nd5 81. Ka6 Bc7 82. Ka7 Bb6+ 83. Kb8 Nc7 84. Kc8 Bd4 85. Kb8 Nd5 86. Ka8 Bc5 87. Kb8 Nc7 88. Kc8 Ba7 89. Kd8 Nd5 90. Ke8 Kd6 91. Kf7 Bf2 92. Kg6 Ke5 93. Kg5 Ne3 94. Kg6 Ke6 95. Kg5 Bg3 96. Kg6 Bh4 97. Kh5 Bd8 98. Kg6 Be7 99. Kg7 Ng4 100. Kg6 Ne5+ 101. Kh5 Kf5 102. Kh6 Bf6 103. Kh5 Nd3 104. Kh6 Nf4 105. Kh7 Ke6 106. Kg8 Ke7 107. Kh7 Kf7 108. Kh6 Be7 109. Kh7 Bg5 110. Kh8 Ng6+ 111. Kh7 Nf8+ 112. Kh8 Bf6# 0-1

[Event "Oberliga Nord O 1718"]
[Site "Germany"]
[Date "2017.12.10"]
[Round "4.6"]
[White "Kuersten, Ruediger"]
[Black "Sulayev, Daniel"]
[Result "1/2-1/2"]
[WhiteElo "2169"]
[BlackElo "2057"]
[PlyCount "119"]
[EventDate "2017.10.08"]
[EventType "team-tourn"]
[EventRounds "9"]
[EventCountry "GER"]
[SourceTitle "EXT 2019"]
[Source "ChessBase"]
[SourceDate "2018.10.10"]
[SourceVersion "1"]
[SourceVersionDate "2018.10.10"]
[SourceQuality "1"]
[WhiteTeam "Greifswald"]
[BlackTeam "Berlin Empor"]
[WhiteTeamCountry "GER"]
[BlackTeamCountry "GER"]

1. d4 Nf6 2. Nf3 g6 3. c4 c5 4. e3 Bg7 5. Nc3 0-0 6. Bd3 b6 7. d5 d6 8. h3 e6 9. 0-0 exd5 10. cxd5 Ba6 11. Qe2 Bxd3 12. Qxd3 a6 13. a4 Nbd7 14. Nd2 Qc7 15. f4 Rfc8 16. Qc4 Qb7 17. Ra3 Rcb8 18. Rb3 Ne8 19. Qd3 Qc7 20. e4 Qd8 21. Qe2 Nc7 22. Nc4 Qe7 23. e5 Ne8 24. Re1 Ra7 25. e6 Bd4+ 26. Kh1 Ndf6 27. Rxb6 Rxb6 28. Nxb6 Qd8 29. Nd7 fxe6 30. Qxe6+ Kg7 31. Nxf6 Nxf6 32. g3 Bf2 33. Re2 Bxg3 34. Qe3 Nh5 35. Qf3 Qh4 36. Qg4 Qxg4 37. hxg4 Bxf4 38. Bxf4 Nxf4 39. Re8 Kf7 40. Rb8 Nd3 41. Ne4 Rd7 42. g5 Nb4 43. Nf6 Re7 44. Rh8 Re1+ 45. Kg2 Re2+ 46. Kf3 Rxb2 47. Rxh7+ Kf8 48. Rd7 Rd2 49. Rd8+ Ke7 50. Rd7+ Kf8 51. Rxd6 c4 52. Rd8+ Ke7 53. Rd7+ Kf8 54. Ke3 c3 55. Rd8+ Ke7 56. Rd7+ Kf8 57. a5 Rd3+ 58. Ke4 c2 59. Rd8+ Kf7 60. Rd7+ 1/2-1/2

[Event "GER Cup"]
[Site "Wiesbaden/Niedernhausen"]
[Date "2015.06.05"]
[Round "4.8"]
[White "Kuersten, Ruediger"]
[Black "Keller, Karsten"]
[Result "1-0"]
[WhiteElo "2152"]
[BlackElo "2216"]
[PlyCount "139"]
[EventDate "2015.06.04"]
[EventType "k.o."]
[EventRounds "5"]
[EventCountry "GER"]
[SourceTitle "EXT 2017"]
[Source "ChessBase"]
[SourceDate "2016.10.25"]
[SourceVersion "1"]
[SourceVersionDate "2016.10.25"]
[SourceQuality "1"]

1. d4 Nf6 2. c4 c5 3. d5 e6 4. Nc3 exd5 5. cxd5 d6 6. g3 g6 7. Nf3 Bg7 8. Nd2 Nbd7 9. Bg2 0-0 10. 0-0 Re8 11. Re1 a6 12. a4 Rb8 13. a5 Ne5 14. f4 Neg4 15. Nc4 h5 16. h3 h4 17. hxg4 Nxg4 18. e4 hxg3 19. Ne3 Bd4 20. Ra4 Nf2 21. Qd2 Qh4 22. Rxd4 cxd4 23. Qxd4 Bh3 24. Bf3 Bg4 25. Nxg4 Nxg4 26. Re2 Nf2 27. Bg2 Rbc8 28. Be3 Ng4 29. Bf3 Nxe3 30. Qxe3 Rc5 31. Rg2 Rxa5 32. Bd1 Kg7 33. Qd4+ Qf6 34. Qd2 b5 35. Ne2 Qd8 36. Nxg3 Rh8 37. Qc3+ f6 38. Nf5+ Kf7 39. Rxg6 Ra1 40. Rg7+ Kf8 41. Qd4 Rg8 42. Rxg8+ Kxg8 43. Kh2 Kh8 44. Qc3 Qf8 45. Qh3+ Kg8 46. Qg4+ Kh8 47. Qh5+ Kg8 48. Qg6+ Kh8 49. Nh6 Qg7 50. Qe8+ Kh7 51. Nf5 Qg6 52. Qd7+ Kh8 53. Qd8+ Kh7 54. Qc7+ Kh8 55. Qc2 a5 56. Nh4 Qg7 57. Qe2 a4 58. Qh5+ Kg8 59. Bg4 Kf8 60. Nf5 Qg8 61. Qh6+ Ke8 62. Nxd6+ Ke7 63. Nf5+ Kd7 64. Ng7+ Kc7 65. Qxf6 Kb7 66. Qe7+ Ka6 67. Qe6+ Qxe6 68. dxe6 Rc1 69. e7 Rc8 70. Bxc8+ 1-0

[Event "GER Cup"]
[Site "Wiesbaden/Niedernhausen"]
[Date "2015.06.04"]
[Round "2.1"]
[White "Kuersten, Ruediger"]
[Black "Krause, Jonah"]
[Result "0-1"]
[WhiteElo "2152"]
[BlackElo "2241"]
[PlyCount "80"]
[EventDate "2015.06.04"]
[EventType "k.o."]
[EventRounds "5"]
[EventCountry "GER"]
[SourceTitle "EXT 2017"]
[Source "ChessBase"]
[SourceDate "2016.10.25"]
[SourceVersion "1"]
[SourceVersionDate "2016.10.25"]
[SourceQuality "1"]

1. d4 Nf6 2. Nf3 g6 3. g3 Bg7 4. Bg2 0-0 5. 0-0 d6 6. a4 c6 7. a5 Qc7 8. Nc3 e5 9. dxe5 dxe5 10. Bd2 Na6 11. Qc1 Re8 12. Ne1 Be6 13. Nd3 Bd5 14. Nxd5 cxd5 15. Nb4 Nxb4 16. Bxb4 a6 17. b3 Rac8 18. Ra2 Qd7 19. Rd1 Qe6 20. Qd2 e4 21. Qf4 Red8 22. f3 h6 23. Qe3 d4 24. Qd2 e3 25. Qe1 Nd5 26. f4 Rc7 27. Rd3 h5 28. Bxd5 Rxd5 29. Qd1 Rdd7 30. Be1 Re7 31. Ra4 Red7 32. Rb4 Qg4 33. Rc4 h4 34. Rxc7 Rxc7 35. c4 dxc3 36. Rxe3 Kh7 37. Qd8 Rd7 38. Qc8 Bd4 39. Bxc3 Bxe3+ 40. Kg2 h3+ 0-1

[Event "GER-ch 85th"]
[Site "Verden an der Aller"]
[Date "2014.11.28"]
[Round "8"]
[White "Bodrozic, Tomislav"]
[Black "Kuersten, Ruediger"]
[Result "1-0"]
[WhiteElo "2322"]
[BlackElo "2179"]
[PlyCount "71"]
[EventDate "2014.11.21"]
[EventType "swiss"]
[EventRounds "9"]
[EventCountry "GER"]
[SourceTitle "CBM 163 Extra"]
[Source "ChessBase"]
[SourceDate "2014.12.23"]
[SourceVersion "1"]
[SourceVersionDate "2014.12.23"]
[SourceQuality "1"]

1. e4 c6 2. d4 d5 3. e5 c5 4. dxc5 e6 5. a3 Nc6 6. Nf3 Bxc5 7. b4 Be7 8. Bb2 a6 9. Bd3 Nh6 10. 0-0 0-0 11. Nbd2 f6 12. c4 Ng4 13. exf6 Bxf6 14. Qc2 Bxb2 15. Qxb2 Bd7 16. Rae1 Rc8 17. h3 Nf6 18. c5 Qe7 19. Ne5 a5 20. Ndf3 axb4 21. axb4 b6 22. Nxc6 Rxc6 23. Nd4 Rcc8 24. c6 Bxc6 25. Rxe6 Qb7 26. Ra1 b5 27. Nb3 Qf7 28. Nc5 Bd7 29. Re2 Rfe8 30. Ra7 Rxe2 31. Bxe2 Qe8 32. Nxd7 Nxd7 33. Bxb5 Qe1+ 34. Kh2 Nf6 35. Qe2 Qxb4 36. Qe6+ 1-0

[Event "GER-ch 85th"]
[Site "Verden an der Aller"]
[Date "2014.11.26"]
[Round "6"]
[White "Kuersten, Ruediger"]
[Black "Bastian, Herbert"]
[Result "0-1"]
[WhiteElo "2179"]
[BlackElo "2317"]
[PlyCount "76"]
[EventDate "2014.11.21"]
[EventType "swiss"]
[EventRounds "9"]
[EventCountry "GER"]
[SourceTitle "CBM 163 Extra"]
[Source "ChessBase"]
[SourceDate "2014.12.23"]
[SourceVersion "1"]
[SourceVersionDate "2014.12.23"]
[SourceQuality "1"]

1. d4 Nf6 2. Nf3 g6 3. g3 Bg7 4. Bg2 0-0 5. 0-0 d6 6. a4 a5 7. Nc3 c6 8. b3 Qc7 9. Ba3 Na6 10. Rc1 Re8 11. Nd2 Rb8 12. d5 Nxd5 13. Nxd5 cxd5 14. Bxd5 Nb4 15. Bxb4 axb4 16. Kg2 b5 17. axb5 Rxb5 18. e4 Qd7 19. Qe2 Rc5 20. Bc4 Qh3+ 21. Kh1 Rh5 22. f4 Bg4 23. Rf3 e6 24. Nf1 Ra8 25. Qd1 Rha5 26. Be2 Ra1 27. Nd2 Bxf3+ 28. Bxf3 Bc3 29. Rxa1 Rxa1 30. Nb1 e5 31. f5 gxf5 32. exf5 Qxf5 33. Kg2 e4 34. Bg4 Rxb1 35. Qxb1 Qxg4 36. Qa2 Qf3+ 37. Kh3 Qf1+ 38. Kg4 h5+ 0-1

[Event "GER-ch 85th"]
[Site "Verden an der Aller"]
[Date "2014.11.23"]
[Round "3"]
[White "Kuersten, Ruediger"]
[Black "Breutigam, Martin"]
[Result "0-1"]
[WhiteElo "2179"]
[BlackElo "2409"]
[PlyCount "102"]
[EventDate "2014.11.21"]
[EventType "swiss"]
[EventRounds "9"]
[EventCountry "GER"]
[SourceTitle "CBM 163 Extra"]
[Source "ChessBase"]
[SourceDate "2014.12.23"]
[SourceVersion "1"]
[SourceVersionDate "2014.12.23"]
[SourceQuality "1"]

1. d4 d5 2. c4 c6 3. Nf3 Nf6 4. Nc3 dxc4 5. g3 g6 6. Bg2 Bg7 7. Ne5 Ng4 8. f4 0-0 9. 0-0 Nxe5 10. dxe5 Qxd1 11. Rxd1 Be6 12. Be3 Na6 13. Rd2 f6 14. exf6 exf6 15. Rad1 f5 16. Bf3 Rfe8 17. Kf2 Bf8 18. Bd4 Bc5 19. Na4 Bxd4+ 20. Rxd4 Kf7 21. h3 h5 22. Rd6 Ke7 23. Ke3 Bd5 24. R6xd5 cxd5 25. Rxd5 Rad8 26. Ra5 Kd6+ 27. Kd4 Kc7+ 28. Kxc4 Rd2 29. Kc3 Rd6 30. a3 Kb8 31. Kc2 Nc7 32. Nc3 Re3 33. Ra4 b5 34. Rb4 a5 35. Nxb5 Rb6 36. Nxc7 axb4 37. Nd5 Rc6+ 38. Kb1 Rxf3 39. exf3 b3 40. Nc3 Re6 41. Kc1 Re3 42. Kd2 Rxf3 43. Ne2 Ka7 44. g4 fxg4 45. hxg4 hxg4 46. Nd4 Rf2+ 47. Ne2 Rf3 48. Nd4 Rxf4 49. Ke3 Rf6 50. Ne2 Ka6 51. Nf4 g3 0-1

[Event "GER-ch 85th"]
[Site "Verden an der Aller"]
[Date "2014.11.21"]
[Round "1"]
[White "Kalinitschew, Sergey"]
[Black "Kuersten, Ruediger"]
[Result "1-0"]
[WhiteElo "2392"]
[BlackElo "2179"]
[PlyCount "53"]
[EventDate "2014.11.21"]
[EventType "swiss"]
[EventRounds "9"]
[EventCountry "GER"]
[SourceTitle "CBM 163 Extra"]
[Source "ChessBase"]
[SourceDate "2014.12.23"]
[SourceVersion "1"]
[SourceVersionDate "2014.12.23"]
[SourceQuality "1"]

1. c4 c6 2. e4 d5 3. exd5 Nf6 4. Nc3 cxd5 5. cxd5 g6 6. Nf3 Bg7 7. Bc4 0-0 8. 0-0 Nbd7 9. d3 a6 10. a4 b6 11. Re1 Bb7 12. Qe2 Re8 13. d4 Nf8 14. Ne5 e6 15. dxe6 Nxe6 16. Nxf7 Kxf7 17. Bxe6+ Kf8 18. b3 Bh8 19. Qe3 Ng8 20. d5 Bf6 21. Ba3+ Kg7 22. Rad1 Ne7 23. Qd3 Qc7 24. Ne4 Nxd5 25. Bxd5 Bxd5 26. Nxf6 Rxe1+ 27. Rxe1 1-0

[Event "Daehne Cup final"]
[Site "Magdeburg"]
[Date "2011.06.23"]
[Round "2"]
[White "Kuersten, Ruediger"]
[Black "Blumenstein, Jan"]
[Result "1-0"]
[WhiteElo "2171"]
[BlackElo "2174"]
[PlyCount "73"]
[EventDate "2011.06.23"]
[EventType "swiss"]
[EventRounds "5"]
[EventCountry "GER"]
[SourceTitle "CBM 143 Extra"]
[Source "ChessBase"]
[SourceDate "2011.08.29"]
[SourceVersion "1"]
[SourceVersionDate "2011.08.29"]
[SourceQuality "1"]

1. Nf3 e6 2. g3 f5 3. b3 Nf6 4. Bb2 Be7 5. Bg2 0-0 6. c4 d6 7. d4 Qe8 8. 0-0 a5 9. Nbd2 a4 10. Qc2 Na6 11. bxa4 Nb4 12. Qc3 Qxa4 13. a3 Na6 14. Rfe1 d5 15. Ne5 b6 16. g4 fxg4 17. e4 c5 18. exd5 cxd4 19. Qxd4 Bc5 20. Qd3 Bb7 21. Nb3 exd5 22. Nxc5 Nxc5 23. Qd4 Nb3 24. Qxb6 Nxa1 25. Qxb7 Qa5 26. Rxa1 Rab8 27. Qe7 Rbe8 28. Qb4 Qc7 29. cxd5 Rxe5 30. d6 Qc5 31. Bxe5 Qxe5 32. Re1 Qf5 33. Qd4 h5 34. Bc6 Qc2 35. d7 g3 36. hxg3 Ng4 37. d8Q 1-0

[Event "Dresden ZMD op"]
[Site "Dresden"]
[Date "2007.07.28"]
[Round "8"]
[White "Spiess, Gunter"]
[Black "Kuersten, Ruediger"]
[Result "1/2-1/2"]
[WhiteElo "2405"]
[BlackElo "2123"]
[PlyCount "39"]
[EventDate "2007.07.21"]
[EventType "swiss"]
[EventRounds "9"]
[EventCountry "GER"]
[SourceTitle "EXT 2008"]
[Source "ChessBase"]
[SourceDate "2007.11.25"]
[SourceVersion "1"]
[SourceVersionDate "2007.11.25"]
[SourceQuality "1"]

1. d4 d5 2. c4 c6 3. Nf3 Nf6 4. e3 e6 5. Nbd2 Nbd7 6. Bd3 Be7 7. 0-0 0-0 8. b3 b6 9. Bb2 Bb7 10. Qe2 c5 11. Rfd1 cxd4 12. exd4 Rc8 13. Ne5 dxc4 14. bxc4 Nxe5 15. dxe5 Nd7 16. Ne4 Bxe4 17. Bxe4 g6 18. Qd2 Nc5 19. Qf4 Qc7 20. Bc2 1/2-1/2